RNA Infrastructure and Networks

no back cover.

Λεπτομέρειες βιβλιογραφικής εγγραφής
Συγγραφή απο Οργανισμό/Αρχή: SpringerLink (Online service)
Άλλοι συγγραφείς: Collins, Lesley J. (Επιμελητής έκδοσης)
Μορφή: Ηλεκτρονική πηγή Ηλ. βιβλίο
Γλώσσα:English
Έκδοση: New York, NY : Springer New York, 2011.
Σειρά:Advances in Experimental Medicine and Biology, 722
Θέματα:
Διαθέσιμο Online:Full Text via HEAL-Link
LEADER 02635nam a22004335i 4500
001 978-1-4614-0332-6
003 DE-He213
005 20150520195713.0
007 cr nn 008mamaa
008 110913s2011 xxu| s |||| 0|eng d
020 |a 9781461403326  |9 978-1-4614-0332-6 
024 7 |a 10.1007/978-1-4614-0332-6  |2 doi 
040 |d GrThAP 
050 4 |a RC321-580 
072 7 |a PSAN  |2 bicssc 
072 7 |a MED057000  |2 bisacsh 
082 0 4 |a 612.8  |2 23 
245 1 0 |a RNA Infrastructure and Networks  |h [electronic resource] /  |c edited by Lesley J. Collins. 
264 1 |a New York, NY :  |b Springer New York,  |c 2011. 
300 |a XXII, 274p. 65 illus.  |b online resource. 
336 |a text  |b txt  |2 rdacontent 
337 |a computer  |b c  |2 rdamedia 
338 |a online resource  |b cr  |2 rdacarrier 
347 |a text file  |b PDF  |2 rda 
490 1 |a Advances in Experimental Medicine and Biology,  |x 0065-2598 ;  |v 722 
505 0 |a The RNA Infrastructure: An Introduction to ncRNA Networks -- RNA Interactions -- Plant RNA Silencing in Viral Defence -- MicroRNAs as Post‑Transcriptional Machines and Their Interplay With Cellular Networks -- Spatiotemporal Aspects of MicroRNA‑Mediated Gene Regulation -- Spliceosomal RNA Infrastructure: The Network of Splicing Components and their Regulation by miRNAs -- Construction, Structure and Dynamics of Post‑Transcriptional Regulatory Network Directed by RNA‑Binding Proteins -- Safe Keeping the Message: mRNP Complexes Tweaking after Transcription -- Unexpected functions of tRNA and tRNA Processing Enzymes -- Programmed DNA Elimination in Tetrahymena: A Small RNA‑Mediated Genome Surveillance Mechanism -- Long Noncoding RNA and Epigenomics -- Promoter‑Associated Long Noncoding RNAs Repress Transcription Through a RNA Binding Protein TLS -- RNA Networks in Prokaryotes I: CRISPRs and Riboswitches -- RNA Networks in Prokaryotes II: tRNA Processing and Small RNAs -- Localization of the Bacterial RNA Infrastructure -- Small RNA Discovery and Characterisation in Eukaryotes Using High‑Throughput Approaches -- How Old are RNA Networks?. 
520 |a no back cover. 
650 0 |a Medicine. 
650 0 |a Neurosciences. 
650 1 4 |a Biomedicine. 
650 2 4 |a Neurosciences. 
700 1 |a Collins, Lesley J.  |e editor. 
710 2 |a SpringerLink (Online service) 
773 0 |t Springer eBooks 
776 0 8 |i Printed edition:  |z 9781461403319 
830 0 |a Advances in Experimental Medicine and Biology,  |x 0065-2598 ;  |v 722 
856 4 0 |u http://dx.doi.org/10.1007/978-1-4614-0332-6  |z Full Text via HEAL-Link 
912 |a ZDB-2-SBL 
950 |a Biomedical and Life Sciences (Springer-11642)